| 000 | 00574nam a2200193 4500 | ||
|---|---|---|---|
| 003 | SEACOMMC | ||
| 005 | 20260407141142.0 | ||
| 008 | 240920b |||||||| |||| 00| 0 eng d | ||
| 020 |
_cRs.240.00 _a 978-8176602907 |
||
| 040 | _aSEACOMMC | ||
| 082 |
_a004.23 _bP273 |
||
| 100 | _aParthasarathy, S | ||
| 245 | 1 |
_aSystems Analysis, Design and Introduction to Software Engineering _cS. Parthasarathy and B. W. Khalkar |
|
| 250 | _a5th ed. | ||
| 260 |
_a Nasik (Maharastra) _b Master Academy _c2006 |
||
| 650 | _a Computer Science | ||
| 700 | _aKhalkar, B. W. | ||
| 942 | _cBOOK | ||
| 999 |
_c580 _d580 |
||